Podnikateľská etika: jej status, povaha a predmet

Podnikateľská etika z hľadiska svojho statusu patrí k aplikovaným etikám. Aplikácia vo vzťahu k podnikateľskej etike ako akademickej disciplíne. Podnikateľská etika a jej definície. Predmet podnikateľskej etiky. Zmysel podnikateľskej etiky.

Saved in:
Bibliographic Details
Main Author: Smreková, Dagmar
Format: Book Chapter
Language:Slovak
Subjects:
Tags: Add Tag
No Tags, Be the first to tag this record!

MARC

LEADER 00000naa a2200000 4500
001 r034985
005 20230925102747.7
041 0 |a slo 
044 |a SK 
245 1 0 |a Podnikateľská etika: jej status, povaha a predmet  |c Dagmar Smreková 
520 |a Podnikateľská etika z hľadiska svojho statusu patrí k aplikovaným etikám. Aplikácia vo vzťahu k podnikateľskej etike ako akademickej disciplíne. Podnikateľská etika a jej definície. Predmet podnikateľskej etiky. Zmysel podnikateľskej etiky. 
610 2 0 |a etika 
610 2 0 |a etika podnikateľská 
610 2 0 |a princípy mravné 
610 2 0 |a pojmy 
610 2 0 |a podnikanie 
610 2 0 |a morálka 
100 1 |a Smreková, Dagmar